Biblioteca

Aprendiendo de nuestros errores (Registro nro. 53104)

Detalles MARC
000 -LÍDER
Campo fijo de descripción fija 01345aab a2200217 4500
001 - NÚMERO DE CONTROL
Campo de control 768714001
003 - IDENTIFICADOR DEL NÚMERO DE CONTROL
Campo de control CO-MdFUSB
005 - FECHA Y HORA DE LA ULTIMA TRANSACCIÓN
control field 20240607144142.0
008 - ELEMENTOS DE LONGITUD FIJA -- INFORMACIÓN GENERAL
Campo fijo de descripción fija -- Información general 170511s1994 cr ||||| |||| 00| 0 spa d
022 ## - NÚMERO INTERNACIONAL NORMALIZADO PARA PUBLICACIONES SERIADAS
Número Internacional Normalizado para Publicaciones Seriadas 1409-1968
040 ## - FUENTE DE CATALOGACIÓN
Agencia Catalogadora CO-MdFUSB
Idioma de catalogación spa
Agencia que realiza la transcripción CO-MdFUSB
Agencia que realiza la modificación CO-MdFUSB
041 ## - CÓDIGO DE IDIOMA
Código de idioma para texto/pista de sonido o título separado spa
100 1# - ASIENTO PRINCIPAL--NOMBRE PERSONAL
Nombre personal Elder, Gregorio P.
Término relacionador autor
245 10 - TÍTULO
Título Aprendiendo de nuestros errores
Mención de responsabilidad / Gregorio P. Elder
300 ## - DESCRIPCIÓN FÍSICA
Extensión Volumen 11. Número 5 (1994), páginas 23 - 26
Dimensiones : 27 cm.
520 ## - NOTA DE RESUMEN, ETC.
Nota de sumario, etc. Todos los que están en el ministerio cometen errores, pero lo que recién inician son más propensos a ellos. Todo comienzo es difícil y las elecciones que hacemos al iniciar un pastorado pueden resultar en bendición o traumas que perduran durante años.<br/>Aquí se enumeran algunos errores que se deben evitar:<br/>Permitir que un reducido número de personas absorban gran cantidad de tiempo.<br/>Permitir que se formen relaciones de dependencia,<br/>Llegar a ser el pastor de la "oposición leal"<br/>No hablar sobre temas serios con otros pastores jóvenes.<br/>Abandonar a la familia.<br/>Temor a los poderosos.<br/>Discutir sobre temas secundarios.<br/>No leer.<br/>Tomar los asuntos muy en serio.
650 #7 - ASIENTO SECUNDARIO DE MATERIA - TERMINO TEMÁTICO
Término temático o nombre geográfico como elemento de entrada Aprendizaje
9 (RLIN) 7190
773 0# - ASIENTO DE ITEM FUENTE
Título Apuntes Pastorales
Biblionumber 49442
Itemnumber 60181
Parte(s) relacionada(s) / Volumen., número. (mes año), páginas Volumen 11. Número 5 (1994), páginas 23-26
Enumeración y primera página Página 23
942 ## - TIPO DE MATERIAL (KOHA)
Tipo de Item KOHA Artículos de Revista
945 ## - INFORMACIÓN LOCAL DEL REGISTRO
Catalogador JTF-925

No hay ítems disponibles.

Biblioteca FUSBC | Teléfono: (57+4) 349 88 10 Ext. 141| WhatsApp (+57) 3005338115 
E-mail: biblioteca@unisbc.edu.co | Calle 76 87-14 Robledo Palenque, Medellín, Colombia

Con tecnología Koha